00848nam a22002537a 45000010005000000030006000050050017000110080041000280200018000690400029000870500014001160820011001301000020001412450077001612500047002382600039002853000061003245050008003855200090003935210029004835210020005126500029005327000033005614481FISKH20251209101808.0240911b cb ||||| |||| 00| 0 eng d a9780545415835 aFISKHbengcFISKHdFISKH aQL49.M295 a793.73 aMarzollo, Jean  aI spy animals / cRhymes by Jeans Marzollo : Photographs by Walter Wick  aThis edition first printing , January 2012 aNew York : bScholastic ;c1998 .  a30 unnumbered pages : bcolor illustrations ; c21 cm .  aD  aRhyming verses ask readers to find hidden objects and toy animals in the photographs.8 a160 bLexile estimate 8 aD bRaz-Plus  arhymesv children's book aWick, Walter ePhotographer